01648 a2200193 450000100040000000500170000400800410002100300150006204000400007708000350011724500420015202000180019425000120021226400410022430000190026550510080028410000300129285601320132211620260407155412.0260407a2001 arg spa dAR-UNSa-BCEJYS aAR-UNSa-BCEJYSbspacAR-UNSa-BCEJYS a347.72xSociedades comerciales10aDerecho de las sociedades comerciales a950-20-1352-2 a9a. ed. 1aBuenos Aires :bAbeledo Perrotc2001 a766 p.c23 cm. a1. La sociedad comercial 2. La naturaleza jurídica de la sociedad comercial 3. La personalidad jurídica de las sociedades comerciales 4. Conceptos y elementos de la sociedad comercial 5. Constitución de la sociedad 6. De los socios 7. De la administración y representación de la sociedad 8. De la documentación y la contabilidad 9. Transformación, fusión y escisión 10. Resolución parcial, disolución y liquidación 11. De la sociedad constituida en el extranjero 12. De las sociedades en particular. Sociedades personales 13. De la sociedad de responsabilidad limitada 14. La sociedad anónima 15. La sociedad anónima (continuación) 16. La sociedad anónima (continuación)17. De los accionistas: derechos y obligaciones 18. De las obligaciones o debentures 19. De las sociedades en comandita por acciones 20. Las agrupaciones entre sociedades y empresas 21. De la sociedad civil 22. Cooperativas 23. Sociedades comerciales especiales 24. La nominatividad de las acciones 1 aVillegas, Carlos Gilberto41uhttps://biblioeco.unsa.edu.ar/pmb/images/libros/Derecho de las Sociedades Comerciales-l87870.jpgyImagen de portadaqimage/jpeg